| 000 | 01268nam0a2200361 4500 | ||
|---|---|---|---|
| 001 | RU\NLR\bibl\136085 | ||
| 005 | 20250618043234.0 | ||
| 010 |
_a5-17-000074-X _97000 |
||
| 021 |
_aRU _b2000-35701 _91652 |
||
| 035 | _a(NLR Aleph) 000133307 | ||
| 090 |
_a761795 _c761795 |
||
| 100 | _a20010205d2000 |||y0rusy50 ca | ||
| 101 | 1 |
_arus _ceng |
|
| 102 | _aRU | ||
| 105 | _aa ||||||||| | ||
| 200 | 1 |
_aУниформа Третьего рейха, 1933-1945 _e[Пер. с англ.] _fБрайан Ли Дэвис |
|
| 210 |
_aМ. _cАСТ _d2000 |
||
| 215 |
_a157, [1] с. _cил. _d27 |
||
| 300 | _aНа пер. авт. не указан | ||
| 601 | 0 | 1 |
_aГермания _bВооруженные силы _xИстория _z1933 - 1945 _92581153 _3RU\NLR\AUTH\661525872 |
| 606 | 1 |
_aВоенное обмундирование _yГермания _z1933 - 1945 _92234551 _3RU\NLR\AUTH\661341083 |
|
| 686 | 1 | _aЦ4,8(4Г)243.6г | |
| 686 | 1 | _aЦ35(0)62-4,2 | |
| 700 | 1 |
_aДэвис _gБрайан Ли _4070 |
|
| 801 | 0 |
_aRU _bRKP _c20010205 _gPSBO |
|
| 801 | 1 |
_aRU _bRKP _c20010205 |
|
| 801 | 2 |
_aRU _bNLR _c20030520 _grcr |
|
| 942 | _cBOOK | ||
| 980 | _aNB | ||